|
|
|
|
| LEADER |
00000nab a2200000 a 4500 |
| 001 |
vtls000881976 |
| 003 |
SK-MaSNL |
| 005 |
20260304131539.0 |
| 008 |
250429c2004 xo 0 slo |
| 015 |
|
|
|a SNBRB2004/08-24557
|
| 035 |
|
|
|a CLN000233474
|
| 035 |
|
|
|a urn:nbn:sk:snk-ab71jl
|
| 035 |
|
|
|a (uuid)8c3f7506-726f-4cf5-83c2-80dedfd22ed6
|
| 035 |
|
|
|a (urnnbn)urn:nbn:sk:snk:ar-a06lzn
|
| 035 |
|
|
|a (sysno)vtls000881976
|
| 040 |
|
|
|a SNKBUCL
|b slo
|c SNKBUCL
|e AACR2
|
| 041 |
0 |
|
|a slo
|
| 044 |
|
|
|a xo
|c SK
|
| 080 |
|
|
|a 159.9-055.62
|2 1997
|
| 100 |
1 |
|
|a Zlámalová, V.
|4 aut
|9 1116374
|
| 245 |
1 |
0 |
|a Odmietnutý rodič
|c V. Zlámalová
|
| 650 |
0 |
7 |
|a rodičovstvo
|x psychológia
|2 MESH
|9 1444968
|
| 650 |
0 |
7 |
|a správanie dieťaťa
|x psychológia
|2 MESH
|9 1444969
|
| 650 |
0 |
7 |
|a odmietnutie (psychológia)
|2 MESH
|9 710324
|
| 650 |
0 |
7 |
|a vzťahy rodič-dieťa
|2 MESH
|9 855962
|
| 655 |
|
7 |
|a články z novín a časopisov
|2 snkbucl
|9 267496
|
| 773 |
0 |
|
|t Revue medicíny v praxi
|g Roč. 2, č. 3 (2004), s. 36
|x 1336-202X
|
| 850 |
|
|
|a Slovenská národná knižnica
|
| 852 |
|
|
|a Slovenská národná knižnica
|
| 958 |
|
|
|a article27
|
| 958 |
|
|
|a EUIPO
|
| 958 |
|
|
|a OND
|
| 958 |
|
|
|a MI
|
| 999 |
|
|
|c 2897113
|d 2899043
|